Dental Indices (Record no. 26807)

MARC details
000 -LEADER
fixed length control field 00389nam a22001577a 4500
003 - CONTROL NUMBER IDENTIFIER
control field SGT
020 ## - INTERNATIONAL STANDARD BOOK NUMBER
International Standard Book Number 9788123923987
082 ## - DEWEY DECIMAL CLASSIFICATION NUMBER
Classification number 617.601
Item number D14C
100 ## - MAIN ENTRY--PERSONAL NAME
Personal name Chakravarthy, P. Kalyana
245 ## - TITLE STATEMENT
Title Dental Indices
Remainder of title Ready Reckoner
250 ## - EDITION STATEMENT
Edition statement 1st
260 ## - PUBLICATION, DISTRIBUTION, ETC. (IMPRINT)
Place of publication, distribution, etc Delhi, India
Name of publisher, distributor, etc CBS Publishers & Distributers
Year of Publication 2014
300 ## - PAGE DESCRIPTION
No. of Pages 203
650 ## - SUBJECT ADDED ENTRY--TOPICAL TERM
Topical term or geographic name as entry element Public Health Dentistry
942 ## - ADDED ENTRY ELEMENTS (KOHA)
Source of classification or shelving scheme Dewey Decimal Classification
Koha item type Books
Holdings
Withdrawn status Lost status Source of classification or shelving scheme Damaged status Use restrictions Not for loan Home library Current library Shelving location Date acquired Vendor Name Cost, normal purchase price SGTU Bill Number Total Checkouts Full call number Accession No. (Barcode) Date last seen Bill Date Koha item type
    Dewey Decimal Classification   Restricted Access Not For Loan SGT Dental Library SGT Dental Library On Display 22/08/2024 Ahuja Book Co. Pvt. Ltd. 725.00 SGTU 19153   617.601 D14C FD9438 22/08/2024   Books
    Dewey Decimal Classification       SGT Dental Library SGT Dental Library Text Book 22/08/2024 Ahuja Book Co. Pvt. Ltd. 725.00 SGTU 19153   617.601 D14C FD9439 22/08/2024   Books